| 000 | 00535nam a22001937a 4500 | ||
|---|---|---|---|
| 003 | CEME | ||
| 005 | 20210628210741.0 | ||
| 008 | 210212b xxu||||| |||| 00| 0 eng d | ||
| 020 | _a981-4035-78-5 | ||
| 040 | _c. | ||
| 082 | _a005.7565 LUL | ||
| 100 |
_aLulushi, Albert _980850 |
||
| 245 | _aOracle developer 2000 forms a practioner's guide | ||
| 250 | _aLOW PRICED EDITION | ||
| 260 |
_aINDIA _bPEARSON EDUCATION ASIA-PRENTICE HALL _c2000 |
||
| 300 | _a963P | ||
| 650 |
_aORACLE 8 PL-SQL FOR ORACLE 8 _980851 |
||
| 942 |
_cBK _2ddc |
||
| 999 |
_c585706 _d585706 |
||